000 00918nam a2200253 i 4500
001 175385
003 ES-MaACL
005 20251218174603.0
007 t|
008 101026s1973 sp o r ||||1| spa d
080 _a75 Gutiérrez Solana, José
080 _a929 Gutiérrez Solana, José
100 1 _aFlórez, Rafael,
_d1926-2019
_951311
245 1 0 _aJ. Solana /
_cRafael Flórez.
260 _a[Madrid :
_bDirección General de Bellas Artes,
_c1973]
300 _a113 p. :
_bfot. col. y n. ;
_c17 cm.
490 1 _aArtistas españoles contemporáneos. Pintores ;
_v47
504 _aBibliografía: p. 109-113.
600 1 7 _aGutiérrez Solana, José,
_d1886-1945
_2embne
_961225
710 1 _aEspaña.
_bDirección General de Bellas Artes.
_93704
830 0 _aArtistas españoles contemporáneos. Pintores
_v47
_9189664
852 _aES-MaACL
_j2261-F-47
_xOlim P-1916
999 _c175385
_d175385